[Event "Gibraltar Challengers B 2020"]
[Site "Caleta"]
[Date "2020.01.27"]
[Round "4.35"]
[White "Maldonado Mena, German"]
[Black "Li, Max J"]
[Result "1-0"]
[WhiteElo "1946"]
[BlackElo "2078"]
[Annotator "NA"]
[PlyCount "163"]
[EventDate "2020.01.20"]
[EventType "swiss"]
[EventCountry "GGB"]
[SourceTitle "playchess.com"]
[Source "ChessBase"]
[SourceQuality "1"]
[TimeControl "6600+10"]

1. d4 {[%emt 0:00:48]} Nf6 {[%emt 0:00:00]} 2. c4 {[%emt 0:00:07]} e6 {[%emt 0:00:06]} 3. Nc3 {[%emt 0:00:05]} Bb4 {[%emt 0:00:06]} 4. Qc2 {[%emt 0:00:05]} d5 {[%emt 0:03:50]} 5. cxd5 {[%emt 0:00:26]} exd5 {[%emt 0:00:20]} 6. Bg5 {[%emt 0:00:11]} Be6 {[%emt 0:00:41]} 7. Qb3 $146 {[%emt 0:01:04] E35: Nimzo-Indian: Classical: 4...d5 5 cxd5 exd5} ({Predecessor:} 7. e3 Nbd7 8. a3 Bxc3+ 9. Qxc3 h6 10. Bh4 Rc8 11. Bd3 Ne4 12. Bxd8 Nxc3 13. Bh4 Ne4 14. Ne2 g5 {½-½ (31) Donchenko,A (2559)-Short,N (2698) Douglas 2017}) 7... Bxc3+ {[%emt 0:04:25]} 8. bxc3 {[%emt 0:00:10]} b6 {[%emt 0:00:28]} 9. e3 {[%emt 0:01:16]} O-O {[%emt 0:02:25]} 10. Nf3 {[%emt 0:01:38]} c5 {[%emt 0:07:47]} 11. c4 {[%emt 0:01:33]} cxd4 {[%emt 0:00:46]} 12. Nxd4 {[%emt 0:00:13]} dxc4 {[%emt 0:00:16]} 13. Nxe6 {[%emt 0:03:01]} cxb3 {[%emt 0:04:37]} 14. Nxd8 {[%emt 0:00:07]} Rxd8 {[%emt 0:00:04]} 15. Bxf6 {[%emt 0:02:31]} gxf6 {[%emt 0:00:07]} 16. axb3 {[%emt 0:00:06]} Nc6 {[%emt 0:02:18]} 17. Bb5 {[%emt 0:01:25]} Nb4 {[%emt 0:01:42]} 18. O-O {[%emt 0:09:04]} a5 {[%emt 0:02:59]} 19. Rfd1 {[%emt 0:01:55]} Kg7 {[%emt 0:08:34]} 20. g4 {[%emt 0:02:09]} Kg6 {[%emt 0:11:21]} (20... Rac8 $14) 21. Bd7 {[%emt 0:00:38]} h6 {[%emt 0:04:13]} 22. Kg2 {[%emt 0:00:23]} Kg7 {[%emt 0:06:20]} 23. Kg3 {[%emt 0:03:38]} Ra7 {[%emt 0:03:50]} 24. Bb5 {[%emt 0:01:11]} Rd5 {[%emt 0:02:54]} 25. Bc4 {[%emt 0:01:02]} Rc5 {[%emt 0:04:30]} 26. Rd6 {[%emt 0:01:00]} b5 {[%emt 0:03:30]} 27. Be2 {[%emt 0:00:36]} Nd5 {[%emt 0:03:39]} 28. Bf3 {[%emt 0:01:01]} Nb4 {[%emt 0:01:19]} 29. Rb6 {[%emt 0:01:01]} Nd5 {[%emt 0:02:15]} 30. Rb8 {[%emt 0:00:14]} b4 {[%emt 0:00:28]} 31. Rd1 {[%emt 0:00:14]} Ne7 {[%emt 0:00:48]} 32. Rdd8 {[%emt 0:00:58]} f5 {[%emt 0:02:41]} 33. gxf5 {[%emt 0:00:50]} Rxf5 {[%emt 0:00:25]} 34. Be4 {[%emt 0:01:18]} Rg5+ {[%emt 0:02:36]} 35. Kf3 {[%emt 0:01:30]} Rh5 {[%emt 0:02:48]} 36. Kg3 {[%emt 0:02:34]} Rg5+ {[%emt 0:01:58]} 37. Kf4 {[%emt 0:00:52]} Rh5 {[%emt 0:01:08]} 38. Rh8 {[%emt 0:00:26]} f5 {[%emt 0:01:31]} 39. Bxf5 {[%emt 0:07:30]} Rxf5+ {[%emt 0:00:06]} 40. Kg3 {[%emt 0:00:05]} Rd5 {[%emt 0:00:38]} 41. Rhd8 {[%emt 0:00:32]} Rxd8 {[%emt 0:00:24]} 42. Rxd8 {[%emt 0:00:14]} a4 {[%emt 0:00:09]} 43. bxa4 {[%emt 0:00:05]} Rxa4 {[%emt 0:00:05]} 44. Rb8 {[%emt 0:00:17]} Nd5 {[%emt 0:02:10]} 45. e4 {[%emt 0:01:15]} Nc3 {[%emt 0:02:29]} 46. Kf4 {[%emt 0:00:24]} Ne2+ {[%emt 0:03:17]} 47. Ke5 {[%emt 0:00:38]} Nc1 {[%emt 0:00:24]} 48. f4 {[%emt 0:00:57]} b3 {[%emt 0:00:16]} 49. Kf5 {[%emt 0:01:37]} Ra7 {[%emt 0:02:09]} 50. e5 {[%emt 0:00:17]} Rf7+ {[%emt 0:00:34]} 51. Ke4 {[%emt 0:00:18]} Ra7 {[%emt 0:01:25]} 52. f5 {[%emt 0:01:27]} Ra4+ {[%emt 0:00:07]} 53. Kd5 {[%emt 0:00:07]} Ra5+ {[%emt 0:00:13]} 54. Kd6 {[%emt 0:00:21]} Ra6+ {[%emt 0:01:58]} 55. Ke7 {[%emt 0:00:06]} Nd3 {[%emt 0:00:49]} 56. f6+ {[%emt 0:00:45]} Kg6 {[%emt 0:00:07]} 57. Rg8+ {[%emt 0:03:07]} Kf5 {[%emt 0:00:09]} 58. f7 {[%emt 0:00:25]} Ra7+ {[%emt 0:00:04]} 59. Ke8 {[%emt 0:00:29]} Rxf7 {[%emt 0:00:47]} 60. Kxf7 {[%emt 0:00:12]} Nxe5+ {[%emt 0:00:05]} 61. Kg7 {[%emt 0:00:25]} Nf3 {[%emt 0:00:33]} 62. h3 {[%emt 0:00:39]} Ng5 {[%emt 0:00:42]} 63. h4 {[%emt 0:00:17]} Nf3 {[%emt 0:00:06]} 64. Rb8 {[%emt 0:02:35]} Nxh4 {[%emt 0:00:06]} 65. Kxh6 {[%emt 0:00:08]} Nf3 {[%emt 0:00:14]} 66. Rxb3 {[%emt 0:00:19]} Nd4 {[%emt 0:00:08]} 67. Re3 {[%emt 0:00:26]} Kf4 {[%emt 0:00:09]} 68. Re8 {[%emt 0:00:10]} Nf5+ {[%emt 0:00:16]} 69. Kg6 {[%emt 0:00:16]} Nh4+ $11 {[%emt 0:00:04]} 70. Kf6 {[%emt 0:00:16]} Ng2 {[%emt 0:00:05]} 71. Ra8 {[%emt 0:01:02]} Ne3 {[%emt 0:00:09]} 72. Ra4+ {[%emt 0:00:04]} Kf3 {[%emt 0:00:05]} 73. Ke5 {[%emt 0:00:08]} Ng4+ {[%emt 0:00:10]} 74. Kf5 {[%emt 0:00:23]} Ne3+ {[%emt 0:00:06]} 75. Kg5 {[%emt 0:00:04]} Nd5 {[%emt 0:00:13]} 76. Rd4 {[%emt 0:00:13]} Ne7 {[%emt 0:00:11]} 77. Rd6 {[%emt 0:02:09]} Nc8 {[%emt 0:00:28]} 78. Rc6 {[%emt 0:00:30]} Ne7 {[%emt 0:00:34]} 79. Rf6+ {[%emt 0:00:08]} Kg3 {[%emt 0:00:03]} 80. Rd6 {[%emt 0:00:11]} Kf3 {[%emt 0:00:07]} 81. Kf6 {[%emt 0:00:52]} Ng8+ {[%emt 0:00:29]} 82. Kf7 {[%emt 0:00:07]} 1-0

[Event "Gibraltar Challengers B 2020"]
[Site "Caleta"]
[Date "2020.01.27"]
[Round "4.37"]
[White "Kurzok, Zenon"]
[Black "Fischer, Robert"]
[Result "0-1"]
[WhiteElo "1702"]
[BlackElo "1923"]
[Annotator "NA"]
[PlyCount "46"]
[EventDate "2020.01.20"]
[EventType "swiss"]
[EventCountry "GGB"]
[SourceTitle "playchess.com"]
[Source "ChessBase"]
[SourceQuality "1"]
[TimeControl "6600+10"]

1. e4 {[%emt 0:00:59]} c6 {[%emt 0:00:00]} 2. d4 {[%emt 0:00:16]} d5 {[%emt 0:00:05]} 3. Nc3 {[%emt 0:00:10]} dxe4 {[%emt 0:00:10]} 4. Nxe4 {[%emt 0:00:07]} Nf6 {[%emt 0:00:14]} 5. Ng3 {[%emt 0:00:56]} h5 {[%emt 0:01:04]} 6. h4 {[%emt 0:03:54]} Bg4 {[%emt 0:00:32]} 7. Be2 {[%emt 0:00:26]} Nbd7 {[%emt 0:03:27]} 8. Nf3 {[%emt 0:01:25]} e6 {[%emt 0:00:37]} 9. Ne5 {[%emt 0:23:50]} Nxe5 {[%emt 0:02:57]} 10. dxe5 {[%emt 0:00:05]} Qa5+ {[%emt 0:00:18]} 11. c3 {[%emt 0:02:06]} Qxe5 {[%emt 0:00:44]} 12. O-O {[%emt 0:00:35] [#]} (12. Bg5 $17) 12... Bc5 $1 {[%emt 0:08:05]} 13. Kh1 $2 {[%emt 0:00:08] [#]} (13. Qd3) 13... Bxf2 $1 {[%emt 0:04:31]} 14. Rxf2 {[%emt 0:06:04]} Qxg3 {[%emt 0:00:59] Double Attack} 15. Kg1 {[%emt 0:01:33]} Ne4 {[%emt 0:08:09]} 16. Rf4 {[%emt 0:01:33]} Rd8 {[%emt 0:05:02]} 17. Qf1 {[%emt 0:02:46]} Nf6 {[%emt 0:07:11]} 18. Rb4 $19 {[%emt 0:13:16]} Qxh4 {[%emt 0:08:54]} 19. Rxb7 {[%emt 0:01:26]} O-O {[%emt 0:00:47]} 20. Be3 {[%emt 0:02:31]} Rd5 {[%emt 0:08:02]} 21. Bf2 {[%emt 0:06:07]} Qg5 {[%emt 0:00:41]} 22. Rb4 {[%emt 0:03:21]} Rd2 {[%emt 0:04:08]} 23. Bxg4 {[%emt 0:08:41]} Nxg4 {[%emt 0:00:27]} 0-1

[Event "Gibraltar Challengers B 2020"]
[Site "Caleta"]
[Date "2020.01.27"]
[Round "4.38"]
[White "Skutta, Bernd"]
[Black "Erdogan, Hassan"]
[Result "1-0"]
[WhiteElo "1998"]
[BlackElo "1830"]
[Annotator "NA"]
[PlyCount "51"]
[EventDate "2020.01.20"]
[EventType "swiss"]
[EventCountry "GGB"]
[SourceTitle "playchess.com"]
[Source "ChessBase"]
[SourceQuality "1"]
[TimeControl "6600+10"]

1. d4 {[%emt 0:15:54]} d6 {[%emt 0:00:00]} 2. e4 {[%emt 0:00:39]} g6 {[%emt 0:00:00]} 3. Nc3 {[%emt 0:00:09]} Bg7 {[%emt 0:04:20]} 4. Be3 {[%emt 0:00:18]} Nf6 {[%emt 0:00:25]} 5. f3 {[%emt 0:01:14]} c6 {[%emt 0:02:43]} 6. Qd2 {[%emt 0:00:34]} h6 {[%emt 0:01:34]} 7. h4 {[%emt 0:01:50]} b5 {[%emt 0:02:13]} 8. Bd3 {[%emt 0:02:13]} b4 {[%emt 0:08:38]} (8... h5 $14) 9. Nce2 {[%emt 0:01:25]} a5 {[%emt 0:01:35]} 10. Nh3 {[%emt 0:01:22]} Ba6 {[%emt 0:02:02]} (10... Bxh3 $14 11. Rxh3 Nbd7) 11. Nf2 {[%emt 0:03:18]} Bxd3 {[%emt 0:07:43]} 12. Nxd3 {[%emt 0:00:19]} Nfd7 {[%emt 0:08:16]} 13. h5 {[%emt 0:05:52]} g5 {[%emt 0:00:44]} 14. f4 {[%emt 0:02:43]} Nf6 {[%emt 0:20:46]} ({Better is} 14... gxf4 $14 15. Bxf4 (15. Ndxf4 Nb6 $11) 15... c5) 15. Ng3 {[%emt 0:03:25]} ({Much worse is} 15. fxg5 $6 Nxe4 16. Qc1 hxg5 $14) 15... gxf4 {[%emt 0:00:39]} 16. Bxf4 {[%emt 0:02:09]} e6 {[%emt 0:01:25]} 17. O-O-O $16 {[%emt 0:01:24]} d5 {[%emt 0:11:17]} 18. Rhe1 {[%emt 0:02:50]} Nxe4 {[%emt 0:02:39]} 19. Nxe4 {[%emt 0:01:10]} dxe4 {[%emt 0:00:05]} 20. Rxe4 {[%emt 0:02:18]} Qd5 {[%emt 0:00:22]} 21. Qe2 {[%emt 0:03:10]} Qxa2 {[%emt 0:02:32]} 22. d5 {[%emt 0:14:56]} Bc3 {[%emt 0:05:00]} 23. Rxe6+ {[%emt 0:10:47]} Kd8 {[%emt 0:01:22]} 24. Rd6+ {[%emt 0:02:32]} Kc8 {[%emt 0:00:00]} 25. Qg4+ {[%emt 0:01:26]} Kb7 {[%emt 0:03:46]} 26. dxc6+ {[%emt 0:05:32]} 1-0

[Event "Gibraltar Challengers B 2020"]
[Site "Caleta"]
[Date "2020.01.27"]
[Round "4.39"]
[White "Aura, Kristian"]
[Black "Fernandez Lopategi, Jon Andoni"]
[Result "1/2-1/2"]
[WhiteElo "1928"]
[BlackElo "1987"]
[Annotator "NA"]
[PlyCount "81"]
[EventDate "2020.01.20"]
[EventType "swiss"]
[EventCountry "GGB"]
[SourceTitle "playchess.com"]
[Source "ChessBase"]
[SourceQuality "1"]
[TimeControl "6600+10"]

1. d4 {[%emt 0:00:00]} d5 {[%emt 0:00:04]} 2. Nf3 {[%emt 0:00:00]} Nf6 {[%emt 0:00:15]} 3. c4 {[%emt 0:00:04]} c6 {[%emt 0:00:09]} 4. Nc3 {[%emt 0:00:12]} a6 {[%emt 0:00:12]} 5. cxd5 {[%emt 0:01:43]} cxd5 {[%emt 0:00:16]} 6. Bf4 {[%emt 0:00:21]} Nc6 {[%emt 0:00:34]} 7. e3 {[%emt 0:00:20]} Bg4 {[%emt 0:01:54]} 8. Be2 {[%emt 0:00:42]} e6 {[%emt 0:01:05]} 9. O-O {[%emt 0:00:13]} Be7 {[%emt 0:05:30]} 10. Rc1 {[%emt 0:00:27] D13: Slav Defence: Exchange variation without ...Bf5} Rc8 {[%emt 0:03:16]} (10... Nd7 11. h3 Bh5 12. Qb3 Qb6 13. Nd2 Bxe2 14. Nxe2 Qxb3 15. Nxb3 f6 16. a3 Kf7 17. Rc2 Nb6 {0-1 (56) Melkumyan,H (2633)-Carlsen,M (2837) Riadh 2017}) 11. h3 {[%emt 0:02:54]} Bh5 {[%emt 0:00:32]} 12. Ne5 {[%emt 0:04:03]} Bxe2 {[%emt 0:01:38]} 13. Qxe2 {[%emt 0:01:08]} O-O {[%emt 0:00:25]} 14. Nxc6 {[%emt 0:14:22]} Rxc6 {[%emt 0:00:23]} 15. Rc2 {[%emt 0:00:15]} Qa5 {[%emt 0:04:19]} 16. Rfc1 {[%emt 0:01:25]} Rfc8 {[%emt 0:02:46]} 17. Qd3 {[%emt 0:11:46]} Bb4 $146 {[%emt 0:15:12]} ({Predecessor:} 17... Nd7 18. a3 Qd8 19. Na4 {0-1 (66) Mukhi Talreja,I (1510)-Arteaga Medina,R (1455) Cotelec 2012}) 18. f3 {[%emt 0:03:06]} Bxc3 {[%emt 0:18:53]} 19. bxc3 {[%emt 0:00:41]} Rc4 {[%emt 0:02:24]} 20. e4 {[%emt 0:01:37]} b5 {[%emt 0:07:13]} 21. Bd6 {[%emt 0:03:44]} Qb6 {[%emt 0:06:00]} 22. e5 {[%emt 0:10:05]} Ne8 {[%emt 0:02:05]} 23. Bc5 {[%emt 0:00:32]} Qd8 {[%emt 0:00:42]} 24. f4 {[%emt 0:03:27]} g6 {[%emt 0:02:26]} 25. Kh2 {[%emt 0:06:03]} Ng7 {[%emt 0:05:56]} 26. g4 {[%emt 0:01:42]} h5 {[%emt 0:01:14]} 27. Qf3 {[%emt 0:00:50]} Qh4 {[%emt 0:15:12]} 28. Kg2 {[%emt 0:00:59]} f5 {[%emt 0:01:00]} 29. exf6 {[%emt 0:00:49]} Qxf6 {[%emt 0:00:11]} 30. Re1 $17 {[%emt 0:02:51]} (30. Kg1 $11) 30... hxg4 {[%emt 0:02:12]} 31. hxg4 {[%emt 0:00:14]} R8xc5 {[%emt 0:00:16]} 32. dxc5 {[%emt 0:00:29]} Rxf4 {[%emt 0:00:07]} 33. Qg3 {[%emt 0:16:07]} Qg5 {[%emt 0:00:33]} 34. Kh3 {[%emt 0:00:11]} Qh6+ {[%emt 0:03:31]} 35. Kg2 {[%emt 0:00:12]} Qg5 {[%emt 0:00:07]} 36. Kh3 {[%emt 0:00:10]} Qh6+ {[%emt 0:00:59]} 37. Kg2 {[%emt 0:00:02]} Qg5 {[%emt 0:00:36]} 38. Kh3 {[%emt 0:00:10]} Nh5 {[%emt 0:00:10]} 39. gxh5 {[%emt 0:00:11]} Qxh5+ {[%emt 0:00:03]} 40. Kg2 {[%emt 0:00:03]} Rg4 {[%emt 0:00:02]} 41. Rce2 {[%emt 0:01:28]} 1/2-1/2

[Event "Gibraltar Challengers B 2020"]
[Site "Caleta"]
[Date "2020.01.27"]
[Round "4.40"]
[White "Kaplan, Amiram"]
[Black "Nergard, Ole-Kristian"]
[Result "1-0"]
[WhiteElo "1880"]
[BlackElo "1667"]
[Annotator "NA"]
[PlyCount "57"]
[EventDate "2020.01.20"]
[EventType "swiss"]
[EventCountry "GGB"]
[SourceTitle "playchess.com"]
[Source "ChessBase"]
[SourceQuality "1"]
[TimeControl "6600+10"]

1. Nf3 {[%emt 0:00:03]} Nf6 {[%emt 0:06:42]} 2. c4 {[%emt 0:00:25]} c5 {[%emt 0:00:23]} 3. e3 {[%emt 0:00:38]} g6 {[%emt 0:00:55]} 4. d4 {[%emt 0:00:37]} cxd4 {[%emt 0:00:07]} 5. exd4 {[%emt 0:00:30]} d5 {[%emt 0:00:59]} 6. Nc3 {[%emt 0:01:11]} Bg7 {[%emt 0:00:27]} 7. h3 {[%emt 0:04:58]} O-O {[%emt 0:01:41]} 8. Be3 {[%emt 0:00:32] B14: Caro-Kann: Panov-Botvinnik Attack with 5...e6 and 5...g6} (8. c5 Nc6 9. Be2 b6 10. cxb6 axb6 11. O-O Ne4 12. Be3 Nxc3 13. bxc3 Ba6 14. Nd2 Na5 15. Rb1 Qc7 16. Bxa6 Rxa6 {1-0 (65) Yanchenko,R (2463)-Narayanan,S (2529) Moscow 2019}) 8... Nc6 {[%emt 0:00:53]} 9. a3 {[%emt 0:09:14]} Re8 {[%emt 0:01:58]} 10. b4 $146 {[%emt 0:01:55]} ({Predecessor:} 10. Bd3 e5 11. cxd5 exd4 12. dxc6 dxe3 13. O-O exf2+ 14. Rxf2 bxc6 15. Qc2 Bh6 {½-½ (38) Acunzo,D (1769)-Gulinelli,E (1658) Courmayeur 2011}) 10... e5 {[%emt 0:02:58]} 11. Be2 {[%emt 0:20:05] [#]} (11. Nxe5 $17 Nxe5 12. dxe5) 11... exd4 $1 {[%emt 0:12:35]} 12. Nxd4 {[%emt 0:03:22] [#]} Nxd4 {[%emt 0:04:29]} (12... Nh5 $1 $19 {[%mdl 512]} 13. Nxd5 (13. Bxh5 Bxd4) 13... Rxe3 14. fxe3 Qh4+ 15. g3 Nxg3) 13. Bxd4 {[%emt 0:00:27]} dxc4 {[%emt 0:00:31]} 14. O-O {[%emt 0:01:39]} Be6 {[%emt 0:00:56]} 15. Bf3 {[%emt 0:00:45]} Qc8 {[%emt 0:08:38]} (15... Re7 $17 16. Ra2 Rd7) 16. Qc2 {[%emt 0:09:09]} Bf5 {[%emt 0:03:27]} 17. Qb2 {[%emt 0:02:08]} Nh5 {[%emt 0:10:03]} 18. Be3 {[%emt 0:03:18]} Bd3 {[%emt 0:01:25]} 19. Rfd1 {[%emt 0:00:53]} Ng3 {[%emt 0:06:07]} 20. Qc1 {[%emt 0:14:20]} Nf5 {[%emt 0:01:51]} 21. Bc5 {[%emt 0:10:26]} Nh4 {[%emt 0:03:26]} 22. Bd5 {[%emt 0:03:55]} Qd7 {[%emt 0:02:02]} 23. Bxc4 {[%emt 0:01:12]} Nf3+ {[%emt 0:08:15]} 24. gxf3 {[%emt 0:01:03]} Qxh3 {[%emt 0:00:39]} 25. Rxd3 {[%emt 0:01:06]} Re5 {[%emt 0:00:36]} 26. f4 {[%emt 0:01:02]} Qh4 {[%emt 0:04:02]} 27. fxe5 {[%emt 0:05:29]} Bxe5 {[%emt 0:01:59]} 28. Bd5 {[%emt 0:05:55]} Qg4+ {[%emt 0:02:42]} 29. Bg2 $18 {[%emt 0:00:33]} 1-0

[Event "Gibraltar Challengers B 2020"]
[Site "Caleta"]
[Date "2020.01.27"]
[Round "4.41"]
[White "Olufemi, George"]
[Black "Johnsen, Sylvia"]
[Result "1-0"]
[WhiteElo "1803"]
[BlackElo "1902"]
[Annotator "NA"]
[PlyCount "46"]
[EventDate "2020.01.20"]
[EventType "swiss"]
[EventCountry "GGB"]
[SourceTitle "playchess.com"]
[Source "ChessBase"]
[SourceQuality "1"]
[TimeControl "6600+10"]

1. e4 {[%emt 0:00:42]} e5 {[%emt 0:00:03]} 2. Nf3 {[%emt 0:00:11]} Nc6 {[%emt 0:00:03]} 3. d4 {[%emt 0:00:08]} (3. Bc4 Nf6 4. d4 exd4 5. O-O {½-½ (11) Smerdon,D (2461)-Kravtsiv,M (2492) Pardubice 2007}) 3... exd4 {[%emt 0:00:23]} 4. Bc4 {[%emt 0:00:10]} Bc5 {[%emt 0:02:53]} 5. O-O {[%emt 0:01:04]} Nf6 {[%emt 0:01:52]} (5... d6 $15) 6. e5 {[%emt 0:00:41]} d5 {[%emt 0:00:47]} 7. exf6 {[%emt 0:02:24]} dxc4 {[%emt 0:00:10]} 8. Re1+ {[%emt 0:00:35]} Be6 {[%emt 0:00:27]} 9. Ng5 {[%emt 0:00:56]} Qd5 {[%emt 0:01:45]} 10. Nc3 {[%emt 0:04:06]} Qf5 {[%emt 0:00:42]} 11. Nce4 {[%emt 0:06:13]} Bf8 {[%emt 0:14:44] [#] C56: Two Knights: 4 d4 exd4 5 0-0 Nxe4} 12. g4 {[%emt 0:07:58]} (12. Nxf7 $1 $11 {[%mdl 512]} Kxf7 (12... Bxf7 13. Nd6+) 13. Ng5+ {[%mdl 64] Double Attack, Discovered Attack} Kg8 14. g4) 12... Qd5 $2 {[%emt 0:10:28] [#]} (12... Qxg4+ $15 13. Qxg4 Bxg4) 13. Nxf7 $1 $146 {[%emt 0:32:05]} ({Predecessor:} 13. f4 h6 14. f5 hxg5 15. fxe6 fxe6 16. f7+ Kxf7 17. Nxg5+ Kg8 18. Nxe6 Bd6 19. Bf4 Ne5 20. Ng5 Rf8 21. Rf1 d3 22. Bxe5 Bc5+ {0-1 (22) Indriunas,M (1876)-Drozdov,S (2186) Lithuania 2018}) 13... Kxf7 {[%emt 0:04:36]} 14. Ng5+ {[%emt 0:00:37] Double Attack} Kg6 {[%emt 0:30:49]} 15. Nxe6 {[%emt 0:04:35]} Bd6 {[%emt 0:02:12]} 16. fxg7 {[%emt 0:17:05]} Rhg8 {[%emt 0:05:50]} 17. Qd2 {[%emt 0:02:08]} Be5 {[%emt 0:14:15]} 18. Qg5+ {[%emt 0:09:31]} Kf7 {[%emt 0:00:09]} 19. Qf5+ {[%emt 0:00:10]} Ke7 {[%emt 0:02:41]} 20. Nxc7 $18 {[%emt 0:04:48] Double Attack} Qa5 {[%emt 0:03:52]} 21. Qe6+ {[%emt 0:06:35]} Kd8 {[%emt 0:00:43]} 22. Qxg8+ {[%emt 0:00:58]} Kxc7 {[%emt 0:00:20]} 23. Qf7+ {[%emt 0:00:08]} Kb6 {[%emt 0:00:45]} 1-0

[Event "Gibraltar Challengers B 2020"]
[Site "Caleta"]
[Date "2020.01.27"]
[Round "4.42"]
[White "Lafour, Jephte"]
[Black "Auvinen, Esa"]
[Result "1/2-1/2"]
[WhiteElo "1690"]
[BlackElo "1850"]
[Annotator "NA"]
[PlyCount "117"]
[EventDate "2020.01.20"]
[EventType "swiss"]
[EventCountry "GGB"]
[SourceTitle "playchess.com"]
[Source "ChessBase"]
[SourceQuality "1"]
[TimeControl "6600+10"]

1. Nf3 {[%emt 0:04:28]} d5 {[%emt 0:00:01]} 2. g3 {[%emt 0:00:37]} Nd7 {[%emt 0:01:03]} 3. d4 {[%emt 0:01:59]} e6 {[%emt 0:00:09]} 4. Bg2 {[%emt 0:00:07]} Ngf6 {[%emt 0:00:07]} 5. O-O {[%emt 0:00:07]} c5 {[%emt 0:00:33]} 6. c3 {[%emt 0:04:38] D02: 1 d4 d5 2 Nf3 sidelines, including 2...Nf6 3 g3 and 2...Nf6 3 Bf4} (6. c4 dxc4 7. Na3 Nb6 8. Nxc4 Nxc4 9. Qa4+ Bd7 10. Qxc4 Rc8 11. Ne5 b5 12. Qd3 c4 13. Qc2 Be7 14. a4 a6 15. Bb7 Qb6 16. Bxc8 Bxc8 17. axb5 axb5 18. b3 c3 19. Qxc3 O-O 20. Qa5 Bd8 21. Qxb6 Bxb6 22. Ba3 Re8 23. Bc5 Bc7 24. Ra8 Nd5 25. Rc1 {1-0 (25) Atalik,E (2464)-Hoolt,S (2323) Batumi 2019}) 6... b6 {[%emt 0:00:20]} 7. Re1 {[%emt 0:00:47]} Bb7 {[%emt 0:00:10]} 8. Bf4 {[%emt 0:03:44]} Be7 {[%emt 0:00:49]} 9. Nbd2 {[%emt 0:01:50]} O-O {[%emt 0:02:52]} 10. e4 $146 {[%emt 0:02:30]} ({Predecessor:} 10. Bg5 h6 11. Bxf6 Bxf6 12. e4 Re8 13. e5 Be7 14. h4 c4 15. g4 Bxh4 16. Nxh4 Qxh4 17. f3 {0-1 (44) Ciontea,A (1058)-Margau,B (1241) Baile Felix 2017}) 10... dxe4 {[%emt 0:02:57]} 11. Ng5 {[%emt 0:00:13]} cxd4 {[%emt 0:00:58]} 12. cxd4 {[%emt 0:00:58]} Nd5 {[%emt 0:03:46]} 13. Ngxe4 {[%emt 0:15:24]} Nxf4 {[%emt 0:01:08]} 14. gxf4 {[%emt 0:00:18]} Bd5 {[%emt 0:00:59]} 15. Qh5 {[%emt 0:02:50]} Nf6 {[%emt 0:10:33]} 16. Nxf6+ {[%emt 0:07:14]} Bxf6 {[%emt 0:00:02]} 17. Bxd5 {[%emt 0:00:19] [#]} g6 $1 {[%emt 0:02:01]} ({But not} 17... exd5 18. Nf3 $15) ({Reject} 17... Qxd5 $6 18. Qxd5 exd5 19. Nf3 $11) 18. Qf3 {[%emt 0:00:53]} exd5 {[%emt 0:00:37]} 19. Nb3 {[%emt 0:00:25]} Qd7 {[%emt 0:00:44]} 20. f5 {[%emt 0:02:15]} Qxf5 {[%emt 0:00:53]} 21. Qxf5 {[%emt 0:00:15]} gxf5 {[%emt 0:00:05]} 22. Rac1 {[%emt 0:00:21]} Rac8 {[%emt 0:01:05]} 23. Kf1 {[%emt 0:02:15]} Rc4 {[%emt 0:03:02]} 24. Rcd1 {[%emt 0:00:08]} Rc2 {[%emt 0:02:24]} 25. Re2 {[%emt 0:00:14]} Rfc8 {[%emt 0:01:54]} 26. Rdd2 {[%emt 0:03:25]} R2c4 {[%emt 0:00:21]} 27. f4 {[%emt 0:00:49]} a5 {[%emt 0:01:05]} 28. Rg2+ {[%emt 0:02:43]} Kf8 {[%emt 0:00:43]} 29. Rd3 {[%emt 0:01:52]} a4 {[%emt 0:00:57]} 30. Nd2 {[%emt 0:00:06]} Rxd4 {[%emt 0:01:00]} 31. Rxd4 {[%emt 0:01:10]} Bxd4 {[%emt 0:00:09]} 32. Nf3 {[%emt 0:00:44]} Rc1+ {[%emt 0:03:06]} 33. Ne1 {[%emt 0:00:09]} Be3 {[%emt 0:01:51]} 34. Ke2 {[%emt 0:02:19]} Bxf4 {[%emt 0:01:20]} 35. Rf2 {[%emt 0:00:15]} Be5 {[%emt 0:02:49]} 36. Rxf5 {[%emt 0:00:59]} Bxh2 {[%emt 0:06:08]} 37. Rxd5 {[%emt 0:01:07]} Bg3 {[%emt 0:00:30]} 38. Nd3 {[%emt 0:01:17]} Rc6 {[%emt 0:04:55]} 39. Kf3 {[%emt 0:04:53]} Bc7 {[%emt 0:00:26]} 40. Ke4 {[%emt 0:04:40]} Re6+ {[%emt 0:02:04]} 41. Kf5 {[%emt 0:00:20]} Rd6 {[%emt 0:00:26]} 42. Nf4 {[%emt 0:01:09]} Rxd5+ {[%emt 0:01:49]} 43. Nxd5 {[%emt 0:00:02]} Bd8 {[%emt 0:00:36]} 44. Nc3 {[%emt 0:00:24]} h5 {[%emt 0:01:40]} 45. Nxa4 {[%emt 0:01:11]} Kg7 {[%emt 0:00:00]} 46. Nc3 {[%emt 0:10:08]} h4 {[%emt 0:00:48]} 47. Kg4 {[%emt 0:02:26]} Kg6 {[%emt 0:00:35]} 48. Nd5 {[%emt 0:00:47]} f5+ {[%emt 0:01:40]} 49. Kh3 {[%emt 0:02:06]} Kg5 {[%emt 0:05:41]} 50. Ne3 {[%emt 0:01:04]} f4 {[%emt 0:02:04]} 51. Ng4 {[%emt 0:01:36]} f3 {[%emt 0:00:01]} 52. b4 {[%emt 0:03:10]} Kf4 {[%emt 0:00:47]} 53. a4 {[%emt 0:00:30]} Ke4 {[%emt 0:02:31]} 54. a5 $19 {[%emt 0:01:01]} bxa5 {[%emt 0:01:09]} 55. bxa5 {[%emt 0:00:02]} Kd5 {[%emt 0:02:29]} 56. a6 {[%emt 0:00:06]} Kc6 {[%emt 0:00:36]} 57. Ne5+ {[%emt 0:00:20]} Kb6 {[%emt 0:00:18]} 58. Nxf3 {[%emt 0:00:08]} Kxa6 {[%emt 0:00:04]} 59. Nxh4 {[%emt 0:00:11]} 1/2-1/2